Eyewithness Travel : Qutub Minar (Record no. 370924)

MARC details
000 -LEADER
fixed length control field 00472nam a2200193Ia 4500
005 - DATE AND TIME OF LATEST TRANSACTION
control field 20260516165953.0
008 - FIXED-LENGTH DATA ELEMENTS--GENERAL INFORMATION
fixed length control field 260514s9999 xx 000 0 und d
020 ## - INTERNATIONAL STANDARD BOOK NUMBER
International Standard Book Number 9780143065562
041 ## - LANGUAGE CODE
Language code of text/sound track or separate title eng
082 ## - DEWEY DECIMAL CLASSIFICATION NUMBER
Classification number 915.4 DK B2284
100 ## - MAIN ENTRY--PERSONAL NAME
Author Dk
245 ## - TITLE STATEMENT
Title Eyewithness Travel : Qutub Minar
260 ## - PUBLICATION, DISTRIBUTION, ETC.
Name of publisher, distributor, etc. Dk
Place of publication, distribution, etc. New Delhi
300 ## - PHYSICAL DESCRIPTION
Extent 31
500 ## - GENERAL NOTE
Keywords HT
650 ## - SUBJECT ADDED ENTRY--TOPICAL TERM
Topical term or geographic name entry element Heritage Tourisum
650 ## - SUBJECT ADDED ENTRY--TOPICAL TERM
Topical term or geographic name entry element Qutb Minar (Delhi, India)—Guidebooks
942 ## - ADDED ENTRY ELEMENTS (KOHA)
Koha item type Books
Holdings
Withdrawn status Lost status Damaged status Not for loan Collection code Home library Current library Date acquired Net Price Bill number Total Checkouts Full call number Barcode Date last seen Actual Price Bill Date Koha item type Original Barcode
          Manilal Nanavati Vocational Training Institute Pune Manilal Nanavati Vocational Training Institute Pune 27/03/2026 200.00 WORDI/2025/CRB/2631   915.4 DK B2284 MNVT-BK-2284 14/05/2026 140.00 20/03/2026 Books B2284